Movies Quiz

Random Movies or Animation Quiz

Headless Animated Movie Slideshow Quiz Stats

 Plays Quiz Updated Aug 26, 2014

Support Sporcle.
Go Orange.
Score 0/34 Timer 07:00
0 Plays Today
% Correct
Beauty and the Beast
99.6%
Toy Story
98.9%
Peter Pan
98.9%
The Lion King
98.4%
The Little Mermaid
98.1%
Shrek 2
97.4%
The Jungle Book
97.3%
Monsters, Inc
97.3%
Kung Fu Panda
97.1%
Bambi
96.4%
Snow White and the Seven Dwarfs
95.7%
The Incredibles
95.1%
Dumbo
94.9%
Up
94.3%
Lady and the Tramp
94.2%
Frozen
94%
Aladdin
92.1%
% Correct
The Lego Movie
91.5%
Madagascar
91%
Pocahontas
90.7%
A Bug's Life
89.9%
Brave
89.9%
Despicable Me
88.9%
Ratatouille
88.6%
Sleeping Beauty
86.3%
Wreck-It Ralph
82.9%
Who Framed Roger Rabbit
79.2%
Chicken Run
74.5%
Rango
74%
The Iron Giant
72.5%
How to Train Your Dragon
72.2%
Coraline
41.5%
Spirited Away
36.9%
Princess Mononoke
22.2%

You're not logged in!

Compare scores with friends on all Sporcle quizzes.
OR
Log In

From the Vault

The Last: Gaming

by knightlancer

So we suppose the goal of this game is to be the last one standing.
Remove Ads.
Support Sporcle.
Get the best of Sporcle when you Go Orange. This ad-free experience offers more features, more stats, and more fun while also helping to support Sporcle. Thank you for becoming a member.

Show Comments

Extras

Top Quizzes Today


Score Distribution

Your Account Isn't Verified!

In order to create a playlist on Sporcle, you need to verify the email address you used during registration. Go to your Sporcle Settings to finish the process.

Report this User

Report this user for behavior that violates our Community Guidelines.

Details: